00540 2200181 4500001002100000005001500021035002000036245011200056100001900168250001700187300003200204700001900236260003500255082001000290084001600300020002200316650002000338INLIS00000000000077520241029084303 a0010-10240000681 aBuku Pengayaan Seri Pengetahuan Umum :bTeknologi dan Kesehatan Tubuh Kita /cPipit Pitriana, Diah Ramanita0 aPipit Pitriana aCetakan ke-1 aiv, 44 hlm :bIlus ;c30 cm0 aDiah Rahmanita aJakarta :bGaneca exact,c2007 a610.3 a610.3 PIP b a978-979-571-407-1 4aIlmu Kedokteran